Регионална библиотека "Любен Каравелов" - Русе

Енеида (Запис номер 420992)

MARC детайли
000 -Лидер
Контролно поле с фиксирана дължина nam a22 a 4500
003 - Код на организацията, давaща контролен номер
Контролно поле BLK
005 - Дата и час на последна редакция
Контролно поле 20210622155443.0
008 - Елементи от данни с фиксирана дължина
fixed length control field 180408b bul|||||r ||||||| ||bul||
040 ## - Източник на каталожния запис
Идентификатор на билиотеката - собственик на записа BLK
041 ## - Код за език
Код за езика на текст/звукозапис или на отделно заглавие Български
Код за езика КДБФ Български
080 ## - УДК
Текстов определител УДК Латинска (римска) литература
УДК код - определител по УДК 821.124
УДК определител -1
УДК - код + определител 821.124-1
100 1# - Редна дума - Автор
Автор Вергилий Марон, Публий
Авторска отговорност първи автор
R(LIN) 277262
139 ## - Редно поле
Редна дума Вергилий Марон, Публий
Авторски знак Верг - В 48
245 10 - Сведения за заглавието
Заглавие Енеида
Подзаглавни данни Поема
Редно поле (дума) Публий Вергилий Марон ; Прев. на Д. Симидов ; С предг. и разбор от Цв. Минков
260 ## - Област на издателските данни
Място на издаване, разпространение и проч. София
Име на издателя, разпространителя и проч. Книгоизд. Игнатов
Година на издаване 1940
9 (RLIN) 443155
Печатница (София : Рила)
300 ## - Физическа характеристика
Страници 461 с.
Размери/Мащаб 15 см
380 ## - Жанр
Жанр Худож. лит.
490 ## - СЕРИИ (Колекции)
9 (RLIN) 204437
Име на серия Библиотека за всички
№: серия 142
700 ## - Други автори (авторска отговорност)
Лично име Симидов, Димитър Асенов
Автороска отговорност (Описва отношението между автора и произведението) прев.
9 (RLIN) 373165
700 ## - Други автори (авторска отговорност)
Лично име Минков, Цветан Николов
Автороска отговорност (Описва отношението между автора и произведението) предг. от
9 (RLIN) 373170
852 ## - Местоположение
Форматна сигнатура Цб 8.155.35775
Фондова буква Хранилище
999 ## - СИСТЕМНИ КОНТРОЛНИ НОМЕРА
Koha biblionumber 420992
Koha biblioitemnumber 420992
942 ## - АРТИКУЛИ
Вид на библиотечния материал Книги
Скрит в OPAC Не
Koha issues (borrowed), all copies 2
Периодичен библиозапис Да
944 ## - СЪЗДАВАНЕ И РЕДАКЦИЯ на ЗАПИСА
Създаване/Редакция Създаване
Дата на регистрацията/редакция 2021-06-22
Служител, извършил регистрацията/редакцията ГГГ
Наличности
Код за отписване Код за изгубен артикул Източник на класификационната схема Код за повреда Коз за рестрикции Код за отдаване Артикулен № Име на библиотеката - собственик Име на библиотеката, в която се намира в момента Статус (Текущо местоположение) Дата на вписване в системата Местоположение - отдел Цена в лева Инвентарен номер Систематично азбучна сигнатура Баркод Цена в евро Служебен тип на артикула
  Не е изгубен Universal Decimal Classification Не е повреден само за читалня ползва се в читалня 838753 Регионална библиотека "Любен Каравелов" Русе Регионална библиотека "Любен Каравелов" Русе Хранилище 2021-06-23 Основен фонд - ползва се само за читалня 0.32 35775-а Цб 8.155.35775 900000066171 0.16 Книги
  Не е изгубен Universal Decimal Classification Не е повреден само за читалня ползва се в читалня 838754 Регионална библиотека "Любен Каравелов" Русе Регионална библиотека "Любен Каравелов" Русе Хранилище 2021-06-23 Основен фонд - ползва се само за читалня 0.32 35775 Цб 8.155.35775 900000066172 0.16 Книги
Vip Innovations Ltd, Rousse, Bulgaria 2025